| 000 | 01152cam a2200289 i 4500 | ||
|---|---|---|---|
| 003 | SA-RiAUC | ||
| 005 | 20250720040800.0 | ||
| 008 | 250719s1978 ku g b f000 0 ara c | ||
| 024 | 0 | _a00000000008278 | |
| 040 |
_aSA-JeALM _bara _cAE-Fuphi _erda |
||
| 082 | 0 | 4 |
_a001.42 _qSA-RiAUC |
| 090 |
_a001.42 _bز ك ر |
||
| 100 | 1 |
_aزكريا، فؤاد حسن، _d1927-2010 _eمؤلف. |
|
| 245 | 1 | 2 |
_aالتفكير العلمي / _cالدكتور فؤاد زكريا. |
| 264 | 1 |
_aالكويت : _bالمجلس الوطني للثقافة والفنون والآداب، _c1978. |
|
| 300 |
_a336 صفحة ؛ _c20 × 13 سم. |
||
| 336 |
_aنص _btxt _2rdacontent _3كتاب |
||
| 337 |
_aبدون وسيط _bn _2rdamedia |
||
| 338 |
_aمجلد _bnc _2rdacarrier |
||
| 490 | 0 | _aعالم المعرفة | |
| 504 | _aيشتمل على إرجاعات ببليوجرافية. | ||
| 650 | 7 |
_aالتفكير العلمي _2aucsh |
|
| 650 | 7 |
_aطرق البحث _2aucsh |
|
| 830 | 0 | _aعالم المعرفة (المجلس الوطني للثقافة والفنون والآداب) | |
| 942 |
_2ddc _cBOOK _n0 |
||
| 949 |
_aSA-JeALM _d250719 _umohamedma123 _n1 |
||
| 999 |
_c10086 _d10086 |
||